Name the Cat Flags - Statistics

General Stats
  • This quiz has been taken 40,165 times
    40,015 since last reset
  • The average score is 10 of 12
Answer Stats
Picture Hint Answer % Correct
Japan
98%
Cyprus
95%
Bangladesh
93%
Sri Lanka
92%
Bhutan
87%
San Marino
86%
This one is not sovereign Wales
86%
Uganda
85%
Liechtenstein
81%
Antigua and Barbuda
71%
Kiribati
70%
Dominica
69%
No matching quizzes found
Score Distribution
Percent of People with Each Score
Percentile by Number Answered
Your Score History
You have not taken this quiz since the last reset